اختر شيراني اور اس كي شاعري ## akhtar shirani awar as ki shaeiri / (Record no. 80268)
[ view plain ]
| 000 -LEADER | |
|---|---|
| fixed length control field | 00621naa a22001935a 4500 |
| 001 - CONTROL NUMBER | |
| control field | 80268 |
| 003 - CONTROL NUMBER IDENTIFIER | |
| rucl marc code | BD-RjUL |
| 005 - DATE AND TIME OF LATEST TRANSACTION | |
| control field | 20220831110635.0 |
| 008 - FIXED-LENGTH DATA ELEMENTS--GENERAL INFORMATION | |
| fixed length control field | 220831s1964 p ||||| |||| 00| 0 urd d |
| 035 ## - SYSTEM CONTROL NUMBER | |
| System control number | (BD-RjUL)80268 |
| 040 ## - CATALOGING SOURCE | |
| Original cataloging agency | BD-RjUL |
| Language of cataloging | eng |
| Transcribing agency | BD-RjUL |
| 041 ## - LANGUAGE CODE | |
| Language code of text/sound track or separate title | urd |
| 082 ## - DEWEY DECIMAL CLASSIFICATION NUMBER | |
| Edition number | 23 |
| Classification number | 891.4391 |
| Author mark and year | SHA 1964 |
| 100 ## - MAIN ENTRY--PERSONAL NAME | |
| Personal name | شیرانی, اختر ## Shirani, Akhter |
| 9 (RLIN) | 4566 |
| 245 10 - TITLE STATEMENT | |
| Title | اختر شيراني اور اس كي شاعري ## akhtar shirani awar as ki shaeiri / |
| Statement of responsibility, etc. | by اختر شیرانی ## by Akhtar Shirany |
| 260 ## - PUBLICATION, DISTRIBUTION, ETC. (IMPRINT) | |
| Place of publication, distribution, etc. | Lahore: |
| Name of publisher, distributor, etc. | Ayna adab , |
| Date of publication, distribution, etc. | 1946 |
| 650 ## - SUBJECT ADDED ENTRY--TOPICAL TERM | |
| Topical term or geographic name as entry element | Urdu Poetry |
| 942 ## - ADDED ENTRY ELEMENTS (KOHA) | |
| Source of classification or shelving scheme | Dewey Decimal Classification |
| Koha item type | Books |
| Lost status | Source of classification or shelving scheme | Damaged status | Not for loan | Collection code | Permanent Location | Current Location | Shelving location | Date acquired | Total Checkouts | Full call number | Date last seen | Copy number | Koha item type |
|---|---|---|---|---|---|---|---|---|---|---|---|---|---|
| Dewey Decimal Classification | Not For Loan | Non-fiction | Central Library, University of Rajshahi | Central Library, University of Rajshahi | Reading Room | 31/08/2022 | U 891.4391 SHA 1964 | 31/08/2022 | C-1 | Books |